000 00754nam a22002417a 4500
005 20170124105918.0
010 _aB-181235
020 _a8180960099
_c400.00
035 _aB-181235
037 _bCen Lib/Ret
040 _aDPL
_bEN
082 _a306.2
_bXAX
100 _aXaxa, Johani
_93416
245 _aPolitical culture of the tribal political leader /
_cby Johani Xaxa
246 _b
260 _bSolani Publishing House
_c2003
_aNew Delhi
270 _bNew Delhi
_a4675/21, Ansari Road, Dariya Ganj
_e110001
300 _ax, 192p.
_c21cm(Hb)
500 _aIncludes bibliographical references and index
650 _aPolitical Sciences
_9833
650 _aPolitical Process
_93417
942 _2ddc
_cEN
_h306.2
_mXAX
999 _c122975
_d122975